Score 0/13 Timer 05:00
0 Plays Today
Serial # (Season) Serial Title % Correct
144 (24)Time and the Rani
100%
146 (24)Delta and the Bannermen
97.4%
155 (26)Survival
97.4%
154 (26)The Curse of Fenric
96.8%
156 (Movie)Doctor Who
96.2%
153 (26)Ghost Light
94.9%
149 (25)The Happiness Patrol
92.9%
152 (26)Battlefield
92.9%
150 (25)Silver Nemesis
92.3%
148 (25)Remembrance of the Daleks
92.3%
151 (25)The Greatest Show in the Galaxy
91.7%
147 (24)Dragonfire
89.7%
145 (24)Paradise Towers
85.9%
Remove Ads.
Support Sporcle.
Get the best of Sporcle when you Go Orange. This ad-free experience offers more features, more stats, and more fun while also helping to support Sporcle. Thank you for becoming a member.

You're not logged in!

Compare scores with friends on all Sporcle quizzes.
OR
Log In

Show Comments

Extras

Top Quizzes Today


Score Distribution

Your Account Isn't Verified!

In order to create a playlist on Sporcle, you need to verify the email address you used during registration. Go to your Sporcle Settings to finish the process.

Report this User

Report this user for behavior that violates our Community Guidelines.

Details: